| 000 | 00680nam a22002057a 4500 | ||
|---|---|---|---|
| 999 |
_c18137 _d18137 |
||
| 003 | AR-CdUCM | ||
| 008 | 190513b ||||| |||| 00| 0 spa d | ||
| 040 |
_aMUNICIPALIDAD PROVINCIAL DEL CUSCO _cBIBLIOTECA MUNICIPAL DEL CUSCO |
||
| 082 |
_a869.51 / _bM26 |
||
| 100 |
_aMárquez Eyzaguirre, Luis Guillermo _928821 |
||
| 245 | _aTelaraña de mi celda / | ||
| 260 |
_aLima : _bConvento máximo de S. Miguel, _c1938. |
||
| 300 |
_a222 páginas ; _c20 cm. |
||
| 505 | _aContenido : Piedras incas -- Melodías del alma -- Hebdomada magna ... | ||
| 650 |
_aPoesía _9139 |
||
| 650 |
_aLiteratura _983 |
||
| 650 |
_aPeruana _925277 |
||
| 942 |
_2ddc _cLIBROS |
||
| 945 |
_arah _d2019/05/13 |
||